[Event "79th ARM-ch 1st League 2018"]
[Site "Yerevan"]
[Date "2018.08.11"]
[Round "3"]
[White "Hoghmrtsyan, Artur"]
[Black "Mkrtchyan, Sargis R."]
[Result "1-0"]
[WhiteElo "2157"]
[BlackElo "2239"]
[Annotator "NA"]
[PlyCount "67"]
[EventDate "2018.08.09"]
[EventType "tourn"]
[EventCountry "ARM"]
[SourceTitle "playchess.com"]
[Source "ChessBase"]
[SourceQuality "1"]
[TimeControl "40/5400+30:1800+30"]

1. Nf3 {[%emt 0:00:00]} Nf6 {[%emt 0:00:00]} 2. g3 {[%emt 0:00:00]} g6 {[%emt 0:00:16]} 3. Bg2 {[%emt 0:00:04]} Bg7 {[%emt 0:00:07]} 4. O-O {[%emt 0:00:09]} O-O {[%emt 0:00:15]} 5. d4 {[%emt 0:00:27]} d6 {[%emt 0:00:43]} 6. c4 {[%emt 0:01:00]} c5 {[%emt 0:00:43]} 7. Nc3 {[%emt 0:01:38]} Nc6 {[%emt 0:00:11]} 8. dxc5 {[%emt 0:03:48]} dxc5 {[%emt 0:00:21]} 9. Be3 {[%emt 0:00:26]} Be6 {[%emt 0:02:14]} 10. Bxc5 {[%emt 0:07:14]} Qa5 {[%emt 0:06:29]} 11. Ba3 {[%emt 0:11:08]} Bxc4 {[%emt 0:02:40]} 12. Nd4 {[%emt 0:02:04]} Nd5 {[%emt 0:16:50]} 13. Nb3 {[%emt 0:18:08]} Bxb3 {[%emt 0:03:26]} 14. Qxb3 {[%emt 0:00:24]} Nxc3 {[%emt 0:00:13]} 15. bxc3 {[%emt 0:00:13]} Bxc3 {[%emt 0:06:47]} 16. Bxc6 {[%emt 0:00:50]} Bxa1 {[%emt 0:02:07]} 17. Bxb7 {[%emt 0:00:22]} Rab8 {[%emt 0:22:13]} 18. Bxe7 {[%emt 0:13:22]} Rfe8 {[%emt 0:08:35]} 19. Bd6 {[%emt 0:00:07]} Rbd8 {[%emt 0:02:17]} 20. Bd5 {[%emt 0:00:19]} Kg7 {[%emt 0:00:24]} 21. Qb7 {[%emt 0:07:46]} Kh8 {[%emt 0:17:41]} 22. Bxf7 {[%emt 0:03:58]} Rxd6 {[%emt 0:03:07]} 23. Bxe8 {[%emt 0:00:09]} Bf6 {[%emt 0:01:25]} 24. Bf7 {[%emt 0:01:46]} Qd2 {[%emt 0:00:53]} 25. Bc4 {[%emt 0:01:23]} Bd4 {[%emt 0:00:27]} 26. Qb8+ {[%emt 0:00:45]} Kg7 {[%emt 0:00:06]} 27. Qg8+ {[%emt 0:00:06]} Kh6 {[%emt 0:00:09]} 28. Qf8+ {[%emt 0:01:01]} Bg7 {[%emt 0:00:30]} 29. Qc8 {[%emt 0:02:56]} Bd4 {[%emt 0:01:02]} 30. e3 {[%emt 0:01:11]} Bf6 {[%emt 0:01:47]} 31. Qf8+ {[%emt 0:00:27]} Kg5 {[%emt 0:00:35]} 32. Bb3 {[%emt 0:00:51]} h5 {[%emt 0:00:34]} 33. h4+ {[%emt 0:00:17]} Kg4 {[%emt 0:00:29]} 34. Rd1 {[%emt 0:00:24]} 1-0

[Event "79th ARM-ch 1st League 2018"]
[Site "Yerevan"]
[Date "2018.08.11"]
[Round "3"]
[White "Sargsyan, Tigran R."]
[Black "Babujian, Levon"]
[Result "0-1"]
[WhiteElo "2136"]
[BlackElo "2459"]
[Annotator "TA"]
[PlyCount "72"]
[EventDate "2018.08.09"]
[EventType "tourn"]
[EventCountry "ARM"]
[SourceTitle "playchess.com"]
[Source "ChessBase"]
[SourceQuality "1"]

{[%evp 28,72,0,-20,0,0,-11,0,-8,-25,0,-35,-28,-37,0,-76,-64,-77,-38,-62,-50,-74,-15,-15,-16,-14,52,46,52,-135,-127,-127,-127,-127,-127,-139,-139,-132,-133,-210,-216,-514,-405,-29979,-29980,-29993,-29994]} 1. d4 Nf6 2. c4 g6 3. g3 Bg7 4. Bg2 d5 5. cxd5 Nxd5 6. Nf3 O-O 7. O-O Nb6 8. Nc3 Nc6 9. e3 Re8 10. Re1 a5 {D76: Fianchetto Grünfeld: Main Line with 7...Nb6} 11. h3 a4 12. Rb1 Ra5 (12... a3 13. bxa3 e5 14. dxe5 Nxe5 15. Qxd8 Nxf3+ 16. Bxf3 Rxd8 17. Nb5 Be5 18. Nd4 Bxh3 19. Bxb7 Bxd4 20. exd4 {1-0 (38) Ivanchuk,V (2726)-Muzychuk,M (2540) Caleta 2018}) 13. b4 axb3 14. axb3 e5 15. b4 {LiveBook: 3 Games} Ra8 {[%cal Re5d4]} 16. dxe5 Nxe5 17. Nd4 $146 ({Predecessor:} 17. Nxe5 Bxe5 18. Qc2 {0-1 (52) Anton,T (2379)-Piorun,K (2457) Pardubice 2009}) 17... Nec4 {Black wants to play ...Bf5.} 18. Nce2 Qe7 19. Qb3 Rd8 20. Rd1 h5 21. h4 (21. b5 $11 {keeps the balance.}) 21... c6 $17 22. e4 Bg4 23. f3 Bd7 {Strongly threatening ...c5.} 24. Bg5 {[#]} Bf6 (24... f6 $1 $17 {[%cal Rf6g5]} 25. Bf4 c5) 25. Bxf6 $1 $11 Qxf6 26. Ra1 c5 ({Better is} 26... Be6 $11) 27. bxc5 $14 Ba4 $1 {[%cal Ra4b3]} 28. Qc3 $2 (28. Rxa4 $1 $14 {was the only good move.} Nxa4 29. f4 (29. Qxc4 Nb2 $17)) 28... Bxd1 $17 29. Rxd1 {[#]} Na4 $1 $36 {[%csl LRc3,LRc5][%cal Ra4c3][%mdl 2048] White is under strong pressure.} ({Inferior is} 29... Ra3 30. Qc1 $14) 30. Qxc4 {Hoping for Rc1.} Nb2 $1 {[%csl LRc4,LRd1]} 31. Qb3 Nxd1 32. Qxd1 Ra2 33. Qb1 (33. Qb3 $17 {keeps fighting.} Rd2 34. Qe3 R8xd4 35. Nxd4 Rxd4 36. f4) 33... Rd2 $19 34. e5 $2 (34. Qb4 {was the only chance.} R8xd4 35. Nxd4 Rxd4 36. Qxb7) 34... Qxe5 35. Qxb7 (35. Kh2 $19) 35... R8xd4 36. Nxd4 Qxg3 {Precision: White = 18%, Black = 64%.} 0-1

[Event "79th ARM-ch 1st League 2018"]
[Site "Yerevan"]
[Date "2018.08.11"]
[Round "3"]
[White "Sargsyan, Tigran R"]
[Black "Babujian, Levon"]
[Result "0-1"]
[WhiteElo "2136"]
[BlackElo "2459"]
[Annotator "TA"]
[PlyCount "72"]
[EventDate "2018.08.09"]
[EventType "tourn"]
[EventCountry "ARM"]
[SourceTitle "playchess.com"]
[Source "ChessBase"]
[SourceQuality "1"]

{[%evp 28,72,18,0,0,0,-15,-22,-3,-29,0,-22,-31,-40,0,-55,-52,-55,-55,-60,-57,-87,-9,-15,-12,-30,33,19,43,-144,-139,-137,-131,-139,-133,-127,-126,-157,-157,-212,-210,-412,-395,-29976,-29976,-29993,-29994]} 1. d4 Nf6 2. c4 g6 3. g3 Bg7 4. Bg2 d5 5. cxd5 Nxd5 6. Nf3 O-O 7. O-O Nb6 8. Nc3 Nc6 9. e3 Re8 10. Re1 a5 {D76: Fianchetto Grünfeld: Main Line with 7...Nb6} 11. h3 a4 12. Rb1 Ra5 (12... a3 13. bxa3 e5 14. dxe5 Nxe5 15. Qxd8 Nxf3+ 16. Bxf3 Rxd8 17. Nb5 Be5 18. Nd4 Bxh3 19. Bxb7 Bxd4 20. exd4 {1-0 (38) Ivanchuk,V (2726)-Muzychuk,M (2540) Caleta 2018}) 13. b4 axb3 14. axb3 e5 15. b4 {LiveBook: 3 Games} Ra8 {[%cal Re5d4]} 16. dxe5 Nxe5 17. Nd4 $146 ({Predecessor:} 17. Nxe5 Bxe5 18. Qc2 {0-1 (52) Anton,T (2379)-Piorun,K (2457) Pardubice 2009}) 17... Nec4 18. Nce2 Qe7 19. Qb3 Rd8 20. Rd1 h5 21. h4 ({Better is} 21. b5 $11) 21... c6 22. e4 Bg4 {Threatens to win with ...Bxd4.} 23. f3 Bd7 {And now ...c5 would win.} 24. Bg5 Bf6 (24... f6 $1 $17 {[%cal Rf6g5]} 25. Bf4 c5) 25. Bxf6 $1 $11 Qxf6 26. Ra1 c5 (26... Be6 $11) 27. bxc5 $14 Ba4 $1 {[%cal Ra4b3]} 28. Qc3 $2 (28. Rxa4 $1 $14 {was forced to keep a grip.} Nxa4 29. f4 (29. Qxc4 Nb2 $17)) 28... Bxd1 $17 29. Rxd1 {[#]} Na4 $1 $36 {[%cal Ra4c3][%mdl 2048] Keeping White busy.} ({Worse is} 29... Ra3 30. Qc1 $14) 30. Qxc4 {Hoping for Rc1.} Nb2 $1 {[%csl LRc4,LRd1]} 31. Qb3 Nxd1 32. Qxd1 {[#]} Ra2 $1 33. Qb1 (33. Qb3 $17 Rd2 34. Qc3 R8xd4 35. Nxd4 Rxd4 36. Kh2) 33... Rd2 $19 34. e5 $2 (34. Qb4 {was the only chance.} R8xd4 35. Nxd4 Rxd4 36. Qxb7) 34... Qxe5 35. Qxb7 $2 (35. Kh2 $19) 35... R8xd4 36. Nxd4 Qxg3 {Precision: White = 19%, Black = 56%.} 0-1

[Event "79th ARM-ch 1st League 2018"]
[Site "Yerevan"]
[Date "2018.08.12"]
[Round "4"]
[White "Hakobyan, Aram"]
[Black "Sargsyan, Shant"]
[Result "1-0"]
[WhiteElo "2545"]
[BlackElo "2472"]
[Annotator "TA"]
[PlyCount "77"]
[EventDate "2018.08.09"]
[EventType "tourn"]
[EventCountry "ARM"]
[SourceTitle "playchess.com"]
[Source "ChessBase"]
[SourceQuality "1"]

{[%evp 18,77,11,-20,37,1,49,40,75,41,66,69,104,91,93,23,23,22,97,122,120,124,132,98,225,234,220,210,326,339,314,285,306,304,295,294,294,279,365,372,343,312,352,348,411,384,543,541,1195,1323,1309,1250,1243,1123,1050,863,29981,29981,29982,29983,5022,497]} 1. e4 e5 2. Nf3 Nc6 3. d4 exd4 4. Nxd4 Bc5 5. Be3 Qf6 6. c3 Nge7 7. Bc4 Ne5 8. Bb3 d6 {C45: Scotch Game} (8... Qa6 9. Bc2 d5 10. Nb5 Bd6 11. Nd2 O-O 12. Qe2 Bd7 13. Nxd6 Qxe2+ 14. Kxe2 cxd6 15. a4 Rfe8 16. Rhd1 {½-½ (52) Li,C (2725)-Bai,J (2594) Hangzhou 2018}) 9. O-O O-O 10. f3 {LiveBook: 3 Games} Qg6 (10... b6 $11) 11. Qe2 Kh8 12. Nd2 Bb6 13. f4 Qg4 {[#] ...Qxe2 is the strong threat.} 14. Qe1 c5 $146 ({Predecessor:} 14... Nd3 15. Qb1 Bxd4 16. cxd4 {1-0 (31) Firouzja,A (2517)-Asgarizadeh,A (2423) Khomeyn 2017}) 15. h3 Qg6 {Hoping for ...Bxh3.} 16. f5 (16. fxe5 $6 cxd4 17. Bxd4 dxe5 $11) (16. Nf5 $16 Bxf5 17. exf5 Nxf5 18. Bc2 (18. fxe5 $2 Nxe3 19. Qxe3 c4 $17)) 16... cxd4 $11 17. cxd4 Qf6 (17... Bxf5 $1 $11 18. exf5 Nxf5 19. Rxf5 Qxf5 20. dxe5 Bxe3+ 21. Qxe3 Qxe5) 18. dxe5 $16 Bxe3+ 19. Qxe3 dxe5 20. Rad1 b5 (20... Nc6 $16) 21. Nf3 $18 Bb7 22. g4 {[%cal Bg2g4,Bg4g5][%mdl 32] Threatens to win with Rd7.} Nc6 (22... h6 {might work better.} 23. Rfe1 Rad8 24. Rxd8 (24. Qxa7 Rxd1 25. Bxd1 Qc6 $16) 24... Rxd8) 23. Rd7 Na5 24. g5 Qb6 25. Qxb6 axb6 26. Bxf7 (26. Nxe5 Nxb3 27. axb3 (27. Rxb7 Nc5 $16) (27. Nxf7+ Kg8 $11) 27... Bxe4 $16) 26... Bxe4 27. Nxe5 Nc4 28. Bxc4 (28. Nxc4 bxc4 29. Rf4 Bc6 $18) 28... bxc4 29. f6 ({Not} 29. Nxc4 Bxf5 30. Rb7 Kg8 $16) 29... gxf6 30. gxf6 ({Weaker is} 30. Rxf6 Kg8 $18) 30... c3 31. bxc3 Rxa2 (31... Rg8+ $142 32. Kf2 Rge8) 32. Rf4 {[#] Intending Nf7+ and mate.} Rg8+ 33. Rg4 Rxg4+ 34. hxg4 {[%cal Rd7d8] KRB-KRN} Ra8 35. g5 Rf8 36. Kf2 h6 37. Nf7+ Kh7 38. Nd6+ Kg6 39. Rg7+ {Precision: White = 68%, Black = 30%.} 1-0

[Event "79th ARM-ch 1st League 2018"]
[Site "Yerevan"]
[Date "2018.08.12"]
[Round "4"]
[White "Davtyan, Artur"]
[Black "Babujian, Levon"]
[Result "0-1"]
[WhiteElo "2353"]
[BlackElo "2459"]
[Annotator "TA"]
[PlyCount "72"]
[EventDate "2018.08.09"]
[EventType "tourn"]
[EventCountry "ARM"]
[SourceTitle "playchess.com"]
[Source "ChessBase"]
[SourceQuality "1"]

{[%evp 23,72,46,71,64,58,60,59,40,121,104,113,97,102,98,98,97,96,71,80,83,73,82,125,12,18,18,13,22,33,8,12,-10,-15,-20,-10,-64,-61,-2012,-1877,-29974,-29967,-29969,-29970,-5654,-12850,-2575,-2601,-29995,-29996,-29998,-29998]} 1. d4 Nf6 2. c4 g6 3. Nc3 Bg7 4. e4 O-O 5. Nf3 d6 6. Be2 e5 7. O-O Nc6 8. Be3 Ng4 9. Bg5 f6 10. Bh4 h5 11. dxe5 dxe5 12. h3 {E92: King's Indian: Classical: 6 Be2 e5: 7 dxe5, 7 Be3 and Petrosian System without 7...Nbd7} Nh6 {LiveBook: 12 Games} 13. Qb3 (13. Nd5 g5 14. Bg3 h4 15. Bh2 Ne7 16. Qb3 c6 17. Ne3 Qb6 18. Qa3 Ng6 {0-1 (38) Appolonov,S (2377)-Savenkov,K (2172) Moscow 2014}) 13... g5 {[#] Strongly threatening ...Nd4.} 14. Rad1 {White is slightly better.} Qe8 15. Bg3 g4 (15... Nd8 $14) 16. hxg4 $16 hxg4 17. Nh4 Qf7 $146 ({Predecessor:} 17... Rf7 18. Nd5 Bf8 {½-½ (63) Rajkovic,D (2208)-Simic,Z (2271) Belgrade 2013}) 18. Nd5 f5 19. exf5 Nxf5 20. Nxf5 Bxf5 21. Qxb7 Nd4 22. Rfe1 Rab8 23. Qxc7 ({White has to play} 23. Qxa7 $16 {And now Bf1 would win.} Rxb2 24. Bf1) 23... Qxc7 $11 24. Nxc7 {aiming for Nb5.} Rxb2 25. Bf1 Bc2 26. Rc1 e4 $1 27. Nb5 Nf5 $36 {[%mdl 2048] Black is more active.} 28. Bf4 g3 29. fxg3 (29. Re2 $11 Nd4 30. Nxd4 gxf2+ 31. Kxf2 Bxd4+ 32. Kg3) 29... a6 $15 30. Na3 $2 {[%mdl 8192] [#]} (30. Nc7 $15 Kf7 31. Nd5) 30... Bd4+ $19 31. Kh2 Rb7 32. Kh3 Rh7+ 33. Kg4 Rg7+ 34. Bg5 Ne3+ 35. Kh5 Rf5 36. Nxc2 Rfxg5+ {Precision: White = 32%, Black = 78%.} 0-1

[Event "79th ARM-ch 1st League 2018"]
[Site "Yerevan"]
[Date "2018.08.12"]
[Round "4"]
[White "Gharibyan, Mamikon"]
[Black "Hayrapetyan, Hovik"]
[Result "0-1"]
[WhiteElo "2341"]
[BlackElo "2439"]
[Annotator "TA"]
[PlyCount "148"]
[EventDate "2018.08.09"]
[EventType "tourn"]
[EventCountry "ARM"]
[SourceTitle "playchess.com"]
[Source "ChessBase"]
[SourceQuality "1"]

{[%evp 10,148,37,19,19,14,14,0,0,0,0,0,30,17,34,31,45,0,0,-55,-44,-33,-28,-60,-66,-62,-62,-93,-78,-90,0,-12,-27,-72,-23,-80,-81,-80,24,24,21,20,26,0,119,0,0,0,0,-34,-23,-33,-33,-54,-54,-119,-119,-118,-130,-129,-130,-233,-94,-229,-47,-97,-104,-75,-75,-92,-79,-98,0,-79,-79,-79,-79,-104,-79,-80,-81,-90,-101,-108,-115,-115,-110,-96,-107,-131,-115,-118,-31,-31,-31,-31,0,0,0,0,0,0,0,6,37,33,497,0,0,0,0,0,0,0,0,-497,-497,-448,-433,-433,-433,-433,-433,-414,-408,-433,-350,-562,-555,-562,-555,-500,-485,-437,-393,-5769,-4959,-29985,-29986,-29986,-29987]} 1. d4 Nf6 2. Nf3 g6 3. Nbd2 Bg7 4. e4 {[%cal Be2e4,Be4e5][%mdl 32]} d5 (4... d6 5. Bd3 O-O 6. O-O c5 7. c3 cxd4 8. cxd4 e5 9. Re1 exd4 10. Nxd4 Ng4 11. N4f3 Nc6 12. Nc4 Be6 13. h3 Nge5 14. Ncxe5 dxe5 15. a3 Qb6 16. b4 {½-½ (57) So,W (2778)-Grischuk,A (2766) Leuven 2018}) 5. e5 Ne4 6. Bd3 {LiveBook: 3 Games. A48: 1 d4 Nf6 2 Nf3 g6: Torre, London and Colle Systems} Nxd2 7. Bxd2 c5 8. c3 {The position is equal.} Nc6 9. h3 O-O 10. O-O cxd4 11. cxd4 Qb6 12. Bc3 Bd7 $146 13. Rc1 Bh6 14. Bb1 (14. Ra1 $11) 14... Bxc1 $15 15. Qxc1 f6 16. Qh6 Rf7 17. Re1 fxe5 18. dxe5 e6 19. h4 Ne7 (19... Raf8 $17 20. h5 Rg7 21. hxg6 hxg6) 20. Bd4 Qa5 {Hoping for ...Rxf3!} 21. Rd1 Raf8 22. Ng5 (22. h5 $11 {keeps the balance.}) 22... Rg7 $1 $17 23. h5 Nf5 ({Black should try} 23... Qb5 $17 {White must now prevent ...Nc6.} 24. hxg6 hxg6) 24. Bxf5 $1 $11 Rxf5 25. hxg6 hxg6 26. Rd3 {aiming for Rh3.} Qe1+ (26... Qxa2 27. Rh3 Qb1+ 28. Kh2 Rxg5 29. Qxg5 Qf5 30. Qd8+ Qf8 31. Rh8+ $1 {[%mdl 512]} Kxh8 32. Qxf8+ $18) 27. Kh2 {[%mdl 1024] Rh3 is the strong threat. White has strong compensation.} Qc1 28. Be3 Qc7 29. f4 Qc4 30. Rc3 Qe2 31. Bc1 Qh5+ 32. Rh3 ({Better is} 32. Qxh5 $15 gxh5 33. Rc7) 32... Qxh6 $17 33. Rxh6 Rf8 34. Bd2 Rc8 35. Kg3 (35. Be3 $17) 35... b6 (35... d4 $19 {and Black stays clearly on top.} 36. Rh1 Rc2) 36. Kf3 (36. Bc3 $17) 36... a5 $2 (36... d4 $1 $19 {Strongly threatening ...Rc2.} 37. Ke2 Rc2) 37. Ke3 Rc2 38. Bc3 Rxg2 39. a3 Rg3+ 40. Kd2 Rg2+ 41. Ke3 Bc8 42. Kf3 Rc2 43. Ke3 a4 44. Kd3 Rg2 45. Ke3 Rg3+ 46. Ke2 Bd7 47. Bd4 Rb3 48. Bc3 b5 49. Kd2 {[#]} b4 $1 50. axb4 {[#]} a3 ({Black should play} 50... d4 $1 $17 51. Bxd4 Rxb4) 51. bxa3 $15 Rxa3 52. Bd4 Rg3 53. Bb6 Be8 54. Nxe6 Rb7 55. Bc5 Bd7 56. Nd4 Rb8 57. e6 Be8 $2 {[%mdl 8192] [#]} (57... Bc8 $14) 58. Bd6 $2 (58. Ne2 $1 $18 Kg7 59. Rh1 (59. Nxg3 Kxh6 60. Kd3 Kg7 $11)) 58... Rg2+ $1 $11 59. Ke3 {And now Be5 would win.} Rc8 {[%cal Rc8c3]} 60. Kf3 Rd2 61. Ke3 {White threatens Be5 and mate.} Rg2 {[%cal Rc8c3]} 62. Nf5 $2 {[%mdl 8192]} (62. Kf3 $11 Rd2 63. Ke3) 62... gxf5 $19 63. Be5 {[%csl Ge5][%cal Rh6h8]} Rg7 64. Kd4 Rc4+ 65. Kxd5 Rxb4 66. Rh2 Rb5+ 67. Kd4 Bc6 68. Bxg7 $2 (68. Rh6 {might work better.}) 68... Kxg7 {[%mdl 4096] Endgame KRB-KR} 69. e7 Be8 70. Rc2 Kf6 71. Rc7 Rb4+ 72. Kd5 $2 (72. Ke3) 72... Rxf4 {( -> ...Bf7+)} 73. Rc8 Bf7+ 74. Kd6 Rd4+ {Precision: White = 39%, Black = 51%.} 0-1

[Event "79th ARM-ch 1st League 2018"]
[Site "Yerevan"]
[Date "2018.08.12"]
[Round "4"]
[White "Poghosyan, Suren"]
[Black "Hayrapetyan, Artavazd R"]
[Result "1-0"]
[WhiteElo "2301"]
[BlackElo "2371"]
[Annotator "TA"]
[PlyCount "79"]
[EventDate "2018.08.09"]
[EventType "tourn"]
[EventCountry "ARM"]
[SourceTitle "playchess.com"]
[Source "ChessBase"]
[SourceQuality "1"]

{[%evp 18,79,-58,-106,20,29,11,10,0,14,29,-11,-18,-65,-42,-72,17,20,16,-11,253,242,243,236,255,261,260,243,261,250,313,304,308,296,296,298,302,296,286,291,329,320,461,452,445,360,443,443,29990,2731,2556,2183,2549,2602,2313,2060,1595,1510,1932,1337,5377,5056,29987,922]} 1. d4 d5 2. c4 e6 3. Nc3 c6 4. e4 dxe4 5. Nxe4 Bb4+ 6. Bd2 Qxd4 7. Bxb4 Qxe4+ 8. Be2 Qxg2 {D31: Queen's Gambit Declined: Semi-Slav without ...Nf6 (+ Marshall Gambit and Noteboom) and Exchange Variation lines without ...Nf6} (8... Na6 9. Bd6 b6 10. Nf3 Bb7 11. O-O O-O-O 12. Bd3 Qg4 13. h3 Qh5 14. Ne5 Qxd1 15. Raxd1 Nh6 16. Be7 Rd4 17. Bg5 {0-1 (50) Jobava,B (2702)-Lu,S (2627) Doha 2016}) 9. Qd6 Nd7 10. O-O-O {LiveBook: 7 Games} Qg5+ (10... Qxh1 $2 11. Bf3 $18) (10... Qxf2 $17 {White must now prevent ...a5.} 11. Bf3 Qb6) 11. f4 $11 Qe7 12. Qd2 $1 c5 13. Bc3 Ngf6 {Threatens to win with ...Ne4.} 14. Qe3 {[#]} b5 $146 ({Predecessor:} 14... O-O 15. Qg3 e5 16. Bxe5 Nxe5 17. fxe5 {0-1 (61) Joyner,L-O'Donnell,T (2280) Vancouver 1987}) 15. Bf3 (15. cxb5 Bb7) 15... Rb8 16. cxb5 Rxb5 (16... Bb7 $17 17. Bc6 Nd5) 17. Ne2 O-O 18. Rhg1 {And now Bc6 would win.} Rb6 $2 {[%mdl 8192] [#]} (18... Ne8 $11 {and Black has nothing to worry.}) 19. Rxd7 $1 $18 {[%mdl 512]} Bxd7 20. Qe5 h6 {White should prevent ...Kh7.} ({Don't blunder} 20... Kh8 $2 21. Rxg7 $1 {[%mdl 512]} h6 22. Qxf6 $18) 21. Ng3 $1 {[%cal Rg3h5]} ({Less strong is} 21. Qxf6 Qxf6 22. Bxf6 g6 $14) 21... Qd6 22. Qxd6 $1 Rxd6 23. Bxf6 $1 Ra6 {[#]} 24. Nf5 $1 {[%mdl 512]} exf5 25. Rxg7+ Kh8 {[#]} 26. Bc3 $1 f6 27. Rxd7 Rxa2 28. Bd5 Ra1+ {[#]} 29. Kd2 $1 Rf1 (29... Rg1 {was worth a try.} 30. Rxa7 Rg7) 30. Bf7 Rxf4 31. Bxf6+ Kh7 32. Be5 {Intending Be8+ and mate.} Rb4 (32... Re4 $18) 33. Bc4+ (33. Bh5+ $142 Rf7 34. Rxf7+ Kg8 35. Re7 Rd4+ 36. Bxd4 cxd4 37. Rxa7 f4 38. b4) 33... Kg6 34. Rg7+ Kh5 35. Be2+ Rg4 36. h3 Kh4 37. hxg4 f4 38. Rg6 f3 39. Bf1 Re8 40. Bf4 {Precision: White = 75%, Black = 32%.} (40. Ke3 $142 Rxe5+ 41. Kf4 Re4+ 42. Kxe4 Kg3 43. Ke3 f2 44. g5 hxg5 45. Rxg5+ Kh4 46. Kf4) 1-0

[Event "79th ARM-ch 1st League 2018"]
[Site "Yerevan"]
[Date "2018.08.12"]
[Round "4"]
[White "Mkrtchyan, Sargis R"]
[Black "Sargsyan, Tigran R"]
[Result "0-1"]
[WhiteElo "2239"]
[BlackElo "2136"]
[Annotator "TA"]
[PlyCount "112"]
[EventDate "2018.08.09"]
[EventType "tourn"]
[EventCountry "ARM"]
[SourceTitle "playchess.com"]
[Source "ChessBase"]
[SourceQuality "1"]

{[%evp 19,112,12,3,-48,-41,-25,-38,-36,-37,-42,-25,-98,-43,-45,-45,-72,-16,-27,-20,-20,-22,-57,-46,-56,-51,-70,-55,-85,-5,-27,0,-10,0,-10,-10,-39,-24,-66,0,-18,-25,-166,-125,-122,-128,-409,-446,-445,-444,-423,-400,-410,-403,-298,-322,-590,-564,-530,-317,-911,-288,-1233,-1099,-980,-787,-1523,-1382,-949,0,-1286,-1018,-1068,-986,-845,-741,-1928,-1693,-1960,-1799,-12841,-12841,-12841,-12842,-12842,-12843,-12843,-12843,-12840,-2353,-12850,-12850,-29986,-29984,-29984,-29985]} 1. d4 d5 2. c4 c6 3. Nf3 Nf6 4. e3 Bg4 5. Qb3 Qb6 6. Nc3 e6 7. Nh4 {D11: Slav Defence: 3 Nf3 sidelines and 3...Nf6 4 e3 Bg4} Bh5 8. h3 g5 (8... Nbd7 9. g4 Bg6 10. Nxg6 hxg6 11. Bg2 g5 12. Bd2 Be7 13. O-O-O Qxb3 14. axb3 O-O-O {1-0 (49) Kuzubov,Y (2660)-Goganov,A (2576) Ankara 2018}) 9. Nf3 h6 10. Ne5 Nfd7 {LiveBook: 21 Games} 11. g4 (11. Nd3 $11) 11... Nxe5 $15 12. gxh5 Nxc4 13. Bxc4 dxc4 14. Qxc4 Nd7 15. e4 $146 (15. Bd2 $11) 15... Qb4 ({Black should try} 15... O-O-O $1 $17) 16. Qxb4 $1 Bxb4 17. f3 c5 (17... O-O-O $17) 18. Be3 cxd4 19. Bxd4 e5 20. Bg1 Bxc3+ 21. bxc3 Ke7 22. O-O-O Rac8 23. Kb2 Rhd8 ({Better is} 23... Nf6 $17) 24. Rd5 f6 25. Be3 ({Avoid the trap} 25. Bxa7 $2 b6 $19) 25... b6 26. Rhd1 Nf8 27. Kb3 Rxd5 28. Rxd5 Rd8 (28... Ne6 $15) 29. Rxd8 Kxd8 $11 {[%mdl 4096] Endgame KB-KN} 30. Kc4 (30. Bf2 $1 $11) 30... Kc7 31. Kd5 Kd7 $1 32. a4 $2 {[%mdl 8192]} (32. Kc4 $17) 32... Ne6 $19 33. Kc4 {[#]} Kc6 $1 34. Bc1 Ng7 35. Ba3 {intending Bf8.} Nxh5 36. Bf8 Nf4 37. Bxh6 $2 (37. Be7 Nxh3 38. Kd3) 37... Ne6 38. Kb4 Kb7 39. a5 $2 (39. Kc4 Kc6 40. Kb4) 39... Kc6 $2 (39... Ka6 40. axb6 Kxb6) 40. axb6 $2 (40. a6) 40... Kxb6 41. Kc4 a5 42. Kb3 Kc5 43. Ka4 Kb6 $2 (43... Kc4 $19 44. Kxa5 Nf4) 44. c4 $2 {[%mdl 8192] [#]} (44. Kb3 $11) 44... Ka6 $1 {[%cal Ra6b6]} 45. Ka3 Kb7 46. Kb3 Kc6 47. Ka3 Kc5 48. Ka4 Kxc4 49. Kxa5 Kd3 50. Kb6 Ke2 51. Kc6 Kxf3 52. Kd6 Nf4 53. Bg7 Nh5 (53... Kxe4 $142 54. Bxf6 Nxh3 55. Bxe5 Nf4) 54. Bxf6 Nxf6 55. Kxe5 Nxe4 56. Kf5 Kg3 {Precision: White = 25%, Black = 62%.} 0-1

[Event "79th ARM-ch 1st League 2018"]
[Site "Yerevan"]
[Date "2018.08.13"]
[Round "5"]
[White "Mikaelyan, Arman"]
[Black "Davtyan, Artur"]
[Result "1/2-1/2"]
[WhiteElo "2496"]
[BlackElo "2353"]
[Annotator "TA"]
[PlyCount "67"]
[EventDate "2018.08.09"]
[EventType "tourn"]
[EventCountry "ARM"]
[SourceTitle "playchess.com"]
[Source "ChessBase"]
[SourceQuality "1"]

{[%evp 20,67,19,19,27,28,38,47,54,45,47,10,12,15,37,8,11,0,6,0,10,2,2,0,0,2,12,8,18,5,10,7,7,6,5,0,0,0,0,0,0,0,0,0,0,0,0,0,0,0]} 1. d4 d5 2. c4 e6 3. Nc3 Be7 4. Nf3 Nf6 5. Bf4 O-O 6. e3 Nbd7 7. a3 {D37: Queen's Gambit Declined: 5 Bf4} (7. g4 dxc4 8. Bxc4 c5 9. g5 Nh5 10. Bg3 g6 11. Qe2 cxd4 12. Nxd4 Nb6 13. Bb3 Bb4 14. Nf3 Bd7 {1-0 (73) Mamedyarov,S (2808)-Karjakin,S (2782) Paris 2018}) 7... c5 8. cxd5 Nxd5 9. Nxd5 exd5 10. dxc5 Nxc5 11. Be5 {LiveBook: 156 Games} Bg4 12. Be2 Bxf3 13. Bxf3 Bf6 14. Bxf6 Qxf6 15. O-O (15. Qc2 $5 {[%cal Rc2c5]} Ne4 16. Bxe4 dxe4 17. O-O $11) 15... Qxb2 16. Bxd5 Rad8 $146 {[#] ...Qe5 is the strong threat.} 17. Qf3 (17. Bxf7+ $5 Kh8 18. Qh5 $16) 17... Rd7 {The position is equal.} 18. e4 Qe5 19. Qe3 Qe7 20. a4 Kh8 21. Rfe1 f5 22. f3 b6 23. a5 fxe4 24. fxe4 Qe5 25. axb6 axb6 26. Rf1 {[%cal Rf1f8] [#]} Rdd8 27. h3 h6 {aiming for ...Rxf1+.} 28. Rxf8+ Rxf8 29. Rd1 Rd8 30. Qf3 Nxe4 31. Bxe4 Rxd1+ 32. Qxd1 {White threatens Qd8+ and mate.} Qxe4 33. Qd8+ Kh7 {Threatens to win with ...Qe1+.} 34. Qxb6 {Precision: White = 51%, Black = 54%.} 1/2-1/2